000
00226nam a22001097a 4500
041
_a
eng
080
_a
20
090
_b
FIS
100
_a
Fisher, Fred L.
245
_a
The Purpose of God and the Christian Life.
999
_c
280236
_d
280236
942
_c
BK